000 00733nmm a2200289 a 4500
003 AR-BaBNM
005 20251128205707.0
008 011101s1978 ||||||||||||||000 | spa||
020 _a84-254-0716-8
040 _cAR-BaBNM
100 1 _aCharbonneau, Paul-Eugène
245 1 0 _aEducar
_bdiálogo de generaciones
260 _aBarcelona
_bHerder
_c1978
300 0 _a276 p.
_bgráfs.
600 1 4 _aKafka, Franz
650 4 _aEDUCACION
650 4 _aDIALOGO
650 4 _aDESARROLLO INTELECTUAL
650 4 _aRESPONSABILIDAD DE LOS PADRES
650 4 _aRELACION PADRES-HIJOS
650 4 _aJUVENTUD
650 4 _aADOLESCENTES
650 4 _aAMOR
700 1 _aLópez, J.
_etraductor
942 _cBK
998 _carturo
999 _c12430
_d12430